000 00746nam a2200217Ia 4500
001 11370
003 GE_BSU
008 181216s||||||||xx |||||||||||||| ||und||
040 _cGE_BSU
080 _a634.22
100 _aგორდეზიანი კ.
245 _aაკუსტიკური რხევები და სოფლის მეურნეობა
245 _cრედ: ს. გუნია
260 _aთბილისი.
260 _bსაბჭოთა საქართველო.
260 _c1966
300 _a191გვ.20სმ.
300 _eილ.
653 _aაკუსტიკური რხევები და სოფლის მეურნეობა
942 _cBK
999 _c44567
_d44567